|
|
|
|
| LEADER |
00000nam0a2200000 4500 |
| 001 |
169514 |
| 005 |
20231031163438.0 |
| 035 |
|
|
|a (RuTPU)RU\TPU\book\183874
|
| 090 |
|
|
|a 169514
|
| 100 |
|
|
|a 20091113d1966 m y0rusy50 ca
|
| 101 |
0 |
|
|a rus
|
| 102 |
|
|
|a RU
|
| 105 |
|
|
|a a z 001zy
|
| 200 |
1 |
|
|a Особенности бурения нефтяных и газовых скважин в Тюменской области
|f В. И. Белов, В. М. Карпов, И. Е. Шевалдин
|
| 210 |
|
|
|a Москва
|c Недра
|d 1966
|
| 215 |
|
|
|a с.
|c ил.
|
| 320 |
|
|
|a Библиогр.: с. 95-96.
|
| 610 |
1 |
|
|a нефть
|
| 610 |
1 |
|
|a бурение на нефть
|
| 610 |
1 |
|
|a бурение на газ
|
| 610 |
1 |
|
|a Тюменская область
|
| 610 |
1 |
|
|a природные условия
|
| 610 |
1 |
|
|a геологические разрезы
|
| 610 |
1 |
|
|a буровые
|
| 610 |
1 |
|
|a крепление
|
| 675 |
|
|
|a 622.323.24
|v 3
|
| 700 |
|
1 |
|a Белов
|b В. И.
|g Владимир Ильич
|
| 701 |
|
1 |
|a Карпов
|b В. М.
|g Валентин Мартынович
|
| 701 |
|
1 |
|a Шевалдин
|b И. Е.
|g Иван Егорович
|
| 801 |
|
1 |
|a RU
|b 63413507
|c 20091113
|
| 801 |
|
2 |
|a RU
|b 63413507
|c 20100426
|g RCR
|
| 942 |
|
|
|c BK
|